000
00315nam a2200133Ia 4500
005
20251222140055.0
008
251222s1900||||xx |||||||||||||| ||spa||
020
_a
8470574841
082
_a
142.3/G23
100
_a
García Morente, Manuel
245
0
_a
La Filosofía de Kant:
264
_b
Cristiandad
942
_c
LIB
999
_c
3733
_d
3733